The edge of the water
Tallennettuna:
| Päätekijä: | |
|---|---|
| Aineistotyyppi: | Kirja |
| Kieli: | Undetermined |
| Julkaistu: |
New York
Viking
2014
|
| Aiheet: | |
| Tagit: |
Lisää tagi
Ei tageja, Lisää ensimmäinen tagi!
|
| Thư viện lưu trữ: | Trung tâm Học liệu Trường Đại học Cần Thơ |
|---|
| LEADER | 00549nam a2200205Ia 4500 | ||
|---|---|---|---|
| 001 | CTU_208046 | ||
| 008 | 210402s9999 xx 000 0 und d | ||
| 020 | |c 14.27 | ||
| 082 | |a 813.6 | ||
| 082 | |b G347 | ||
| 100 | |a George, Elizabeth | ||
| 245 | 4 | |a The edge of the water | |
| 245 | 0 | |c Elizabeth George | |
| 260 | |a New York | ||
| 260 | |b Viking | ||
| 260 | |c 2014 | ||
| 650 | |a Psychic ability,Khả năng ngoại cảm | ||
| 650 | |x Fiction,Tiểu thuyết | ||
| 904 | |i Hải | ||
| 980 | |a Trung tâm Học liệu Trường Đại học Cần Thơ | ||